LEADER 01130oam 2200313 450 001 9910717026303321 005 20220422154816.0 035 $a(CKB)5470000002527946 035 $a(OCoLC)1290679323 035 $a(EXLCZ)995470000002527946 100 $a20220103d2021 ua 0 101 0 $aeng 135 $aur||||||||||| 181 $ctxt$2rdacontent 182 $cc$2rdamedia 183 $acr$2rdacarrier 200 10$aOpen hearing $enominations of Christopher C. Fonzone to be General Counsel for the Office of the Director of National Intelligence; and Brett M. Holmgren to be Assistant Secretary of State for Intelligence and Research, U.S. Department of State, One Hundred Seventeenth Congress, first session, Tuesday, May 18, 2021 210 1$aWashington :$cU.S. Government Publishing Office,$d2021. 215 $a1 online resource (iii, 154 pages) 225 1 $aS. hrg. ;$v117-82 517 $aOpen hearing 608 $aLegislative hearings.$2lcgft 801 0$bGPO 801 1$bGPO 801 2$bGPO 906 $aBOOK 912 $a9910717026303321 996 $aOpen hearing$93436313 997 $aUNINA